Pays par images de forces de police - Statistiques

Statistiques générales
  • Ce quiz a été pris 728 fois
  • Le résultat moyen est 8 sur 15
Statistiques - réponses
Par images Réponse % Correct
France
97%
Etats-Unis
83%
Royaume-Uni
79%
Chine
75%
Émirats arabes unis
67%
Canada
65%
Inde
64%
Italie
63%
Russie
57%
Allemagne
49%
Espagne
29%
Thaïlande
29%
Brésil
27%
Suède
23%
Australie
16%
Aucun quiz correspondant
Distribution des résultats
% des personnes avec chaque résultat
Percentile par nombre de réponses
Votre historique - résultats
Vous n’avez pas pris ce quiz